MARC

Tag First Indicator Second Indicator Subfields
LEADER 00000cam a2200000 a 4500
001 in00002481313
005 20151111043657.0
008 090720s2004 dcu bc f000 0 eng d
010 |a  2004451693 
029 1 |a AU@  |b 000040147597 
035 |a (OCoLC)ocm54958899 
040 |a NAR  |c NAR  |d DLC  |d BTCTA  |d GPO  |d MvI  |d UtOrBLW 
042 |a lccopycat 
043 |a n-us---  |a n-us-ms 
049 |a UDOC 
050 0 0 |a CD3047.5  |b .U56 2004 
074 |a 0569-C-06 
086 0 |a AE 1.119:M 1914 
110 1 |a United States.  |b National Archives and Records Administration. 
245 1 0 |a Records of the Mississippi Freedmen's Department ("pre-Bureau records"), Office of the Assistant Commissioner, Bureau of Refugees, Freedmen, and Abandoned Lands, 1863-1865. 
264 1 |a Washington, DC :  |b U.S. Congress and National Archives and Records Administration,  |c 2004. 
300 |a 11 pages ;  |c 23 cm. 
336 |a text  |b txt  |2 rdacontent 
337 |a unmediated  |b n  |2 rdamedia 
338 |a volume  |b nc  |2 rdacarrier 
490 1 |a National Archives microfilm publications. Pamphlet describing ;  |v M 1914 
500 |a "National Archives Trust Fund Board"--Cover. 
500 |a "Record group 105"--Cover. 
500 |a Shipping list number: 2009-0364-P. 
500 |a Shipping List Date: 07/14/2009 
504 |a Includes bibliographical references. 
610 1 0 |a United States.  |b Bureau of Refugees, Freedmen, and Abandoned Lands  |x Archives  |v Microform catalogs. 
610 1 0 |a United States.  |b National Archives and Records Administration  |v Microform catalogs. 
610 1 0 |a United States.  |b Congress. 
650 0 |a Freedmen  |z Mississippi  |x Archives  |v Microform catalogs. 
650 0 |a Reconstruction (U.S. history, 1865-1877)  |z Mississippi  |v Bibliography  |v Microform catalogs. 
650 0 |a African Americans  |z Mississippi  |x History  |y 1863-1877  |v Sources  |v Bibliography  |v Microform catalogs. 
650 0 |a Documents on microfilm  |z United States  |v Catalogs. 
776 0 |a United States. National Archives and Records Administration.  |t Records of the Mississippi Freedmen's Department ("pre-Bureau records"), Office of the Assistant Commissioner, Bureau of Refugees, Freedmen, and Abandoned Lands, 1863-1865  |h 13 p.  |w (OCoLC)427381824 
710 2 |a National Archives Trust Fund Board. 
830 0 |a National Archives microfilm publications.  |p Pamphlet describing ;  |v M 1914. 
999 |a MARS 
999 f f |s f1c0e882-610a-382a-9575-66bdffb2b6f6  |i 0ba7078e-037e-36e0-b1e7-5e1d29e9e352  |t 0 
952 f f |p normal  |a Texas A&M University  |b College Station  |c Sterling C. Evans Library  |d Evans: US Documents (Annex 5th floor)  |t 0  |e AE 1.119:M 1914  |h Superintendent of Documents classification  |i unmediated -- volume 
998 f f |a AE 1.119:M 1914  |t 0  |l Evans: US Documents (Annex 5th floor)